| 000 | 00840cab a2200217 4500 | ||
|---|---|---|---|
| 001 | WB2820-42 | ||
| 008 | 090401t1992 xxu||||| |||| 00| 0 eng d | ||
| 035 | _a(Sirsi) u12948 | ||
| 041 | _aeng | ||
| 245 | _aStorm in Beirut | ||
| 260 | _c1992 | ||
| 350 | _a0 | ||
| 490 |
_aFinancial Times _v21 May 1992, 4(2) |
||
| 520 | _aPlans to reconstruct the war-ravaged heart of Beirut have generated a controversy as fierce as any in the civil war. If successful the $2.65bn plan will transform 135 hectares of desolute ruins into skyscrapers, condominiums, parking lots and shopping malls complete with a 40-storey twin-tower World Trade Centre and an opera house. | ||
| 650 | _aLEBANON | ||
| 650 | _aRECONSTRUCTION | ||
| 690 | _aPROPERTY-PROPERTY DEVELOPMENT | ||
| 690 | _aOVERSEAS-REST OF THE WORLD | ||
| 942 | _n0 | ||
| 948 | _c04/03/1997 | ||
| 999 |
_c8315 _d8315 |
||